Environmental justice legal theory and practice /

Bibliographic Details
Main Author: Hill, Barry E.
Format: eBook
Language:English
Published: Washington DC: Environmental Law Institute, 2014
Edition:3era. Edicin̤
Subjects:
Online Access:Acceso restringido

MARC

LEADER 00000nam a22000007a 4500
005 20220916002842.0
007 cr|||| ||||
008 220916s2014 us |||||s|||| 00||0 eng d
020 |a 978-1-58576-170-8 
035 |a 36366 
040 |a vLex 
090 |c 13916  |d 13916 
100 1 |a Hill, Barry E. 
245 1 0 |a Environmental justice  |h [Recurso electrn̤ico] :  |b legal theory and practice /  |c Barry E. Hill 
250 |a 3era. Edicin̤ 
256 |a Servicio en ln̕ea 
260 |a Washington DC:  |b Environmental Law Institute,  |c 2014 
300 |a 1 recurso electrn̤ico 
500 |a v 
506 1 |a Disponible solo en los productos indicados  |d vLex Global  |d vLex Global (Academic Edition, excluding Law Schools)  |d vLex Global (Academic Edition, Law Schools) 
650 0 4 |a Derecho del Medio Ambiente  |z Estados Unidos 
740 0 |a vLex Libros (Servicio en ln̕ea) 
856 4 0 |u https://app.vlex.com/#/sources/36366  |z Acceso restringido 
942 |c BOOK 
999 0 |a Environmental Law